| 000 | 00538nam a2200169 a 4500 | ||
|---|---|---|---|
| 005 | 20140412111303.0 | ||
| 008 | 001117s19uu xx 00 eng d | ||
| 020 | _a971-082857-6 | ||
| 050 |
_aM 158 _bH212 1984 |
||
| 100 | _aHarmon, Renee | ||
| 245 |
_aThe Complete book of success : _byour guide to becoming a winner. |
||
| 260 |
_aEnglewood Cliffs, NJ : _bPrentice Hall Inc, _c1984. |
||
| 300 | _a142 p. ; ill. | ||
| 500 | _a"A Spectrum book". Includdes bibliographical references and index. | ||
| 650 | _aSuccess | ||
| 999 |
_c103522 _d103522 |
||